The biblical world : (Record no. 31797)

000 -LEADER
fixed length control field 01765cem a2200361 a 4500
001 - CONTROL NUMBER
control field 14707317
005 - DATE AND TIME OF LATEST TRANSACTION
control field 20230731124753.0
007 - PHYSICAL DESCRIPTION FIXED FIELD--GENERAL INFORMATION
fixed length control field ad canzn
008 - FIXED-LENGTH DATA ELEMENTS--GENERAL INFORMATION
fixed length control field 070123s2007 dcu e 1 eng
010 ## - LIBRARY OF CONGRESS CONTROL NUMBER
LC control number 2007061601
Canceled/invalid LC control number 2007061196
-- 2006038467
016 7# - NATIONAL BIBLIOGRAPHIC AGENCY CONTROL NUMBER
Record control number 013834158
Source Uk
020 ## - INTERNATIONAL STANDARD BOOK NUMBER
International Standard Book Number 9781426201387 (alk. paper)
034 0# - CODED CARTOGRAPHIC MATHEMATICAL DATA
Category of scale a
035 ## - SYSTEM CONTROL NUMBER
System control number (OCoLC)80871649
Canceled/invalid control number (OCoLC)170038545
-- (OCoLC)182520478
035 ## - SYSTEM CONTROL NUMBER
System control number (OCoLC)ocm80871649
040 ## - CATALOGING SOURCE
Original cataloging agency DLC
Transcribing agency DLC
Modifying agency BAKER
-- BTCTA
-- YDXCP
-- C#P
-- IXA
-- ZPJ
-- VP@
-- UKM
-- BWX
-- DLC
050 00 - LIBRARY OF CONGRESS CALL NUMBER
Classification number G 2230 .I8 2007
052 ## - GEOGRAPHIC CLASSIFICATION
Geographic classification area code 7480
082 00 - DEWEY DECIMAL CLASSIFICATION NUMBER
Classification number 220.9/10223
Edition number 22
100 1# - MAIN ENTRY--PERSONAL NAME
Personal name Isbouts, Jean-Pierre.
245 14 - TITLE STATEMENT
Title The biblical world :
Remainder of title an illustrated atlas /
Statement of responsibility, etc. by Jean-Pierre Isbouts ; foreword by Bruce Chilton.
255 ## - CARTOGRAPHIC MATHEMATICAL DATA
Statement of scale Scales differ.
260 ## - PUBLICATION, DISTRIBUTION, ETC. (IMPRINT)
Place of publication, distribution, etc. Washington, D.C. :
Name of publisher, distributor, etc. National Geographic,
Date of publication, distribution, etc. c2007.
300 ## - PHYSICAL DESCRIPTION
Extent 1 atlas (367 p.) :
Other physical details col. ill., col. maps ;
Dimensions 29 cm.
504 ## - BIBLIOGRAPHY, ETC. NOTE
Bibliography, etc Includes bibliographical references (p. 354-355) and index.
505 0# - FORMATTED CONTENTS NOTE
Formatted contents note The world before Abraham -- The journey of Abraham -- Joseph in Egypt -- The exodus -- The settlement in Canaan -- Kingdom of David and Solomon -- The fall of the two kingdoms -- From exile to restoration -- The world of Jesus -- Early Christianity and rabbinic Judaism -- Three faiths in the Holy Land.
630 00 - SUBJECT ADDED ENTRY--UNIFORM TITLE
Uniform title Bible
General subdivision Geography
Form subdivision Maps.
630 00 - SUBJECT ADDED ENTRY--UNIFORM TITLE
Uniform title Bible
General subdivision History of Biblical events
Form subdivision Maps.
710 2# - ADDED ENTRY--CORPORATE NAME
Corporate name or jurisdiction name as entry element National Geographic Society (U.S.)
906 ## - LOCAL DATA ELEMENT F, LDF (RLIN)
a 7
b cbc
c orignew
d 1
e ocip
f 20
g y-geogmaps
942 ## - ADDED ENTRY ELEMENTS (KOHA)
Source of classification or shelving scheme
Koha item type Hard Covered Materials
Classification part G 2230 .I8 2007
Holdings
Withdrawn status Lost status Source of classification or shelving scheme Damaged status Not for loan Home library Current library Shelving location Date acquired Source of acquisition Total Checkouts Full call number Barcode Date last seen Date last checked out Price effective from Koha item type
          MACHAKOS UNIVERSITY LIBRARY MACHAKOS UNIVERSITY LIBRARY Open shelf 31/07/2023 Donation (kimanzi) 1 G 2230 .I8 2007 39606 17/04/2026 02/04/2026 31/07/2023 Hard Covered Materials
© Machakos University Library, Along The Highway, Machakos Wote Rd, Machakos, Kenya P.O. Box 136 - 90100 Machakos - Kenya

Tel: ( +254 ) 723 805829 OR Fax : 044-20353 OR Email: library@mksu.ac.ke